Chemistry
Uloženo v:
| Hlavní autor: | |
|---|---|
| Médium: | Kniha |
| Jazyk: | angličtina |
| Vydáno: |
McGraw-Hill Education
2016.
|
| Tagy: |
Přidat tag
Žádné tagy, Buďte první, kdo vytvoří štítek k tomuto záznamu!
|
MARC
| LEADER | 00000nam a22000007a 4500 | ||
|---|---|---|---|
| 008 | 211026b ||||| |||| 00| 0 eng d | ||
| 020 | |a 978-1-25-925458-1 | ||
| 100 | |a CHANG, Raymond | ||
| 245 | |a Chemistry |c Raymond Chang, Kenneth A. Goldsby.- |g xxxii,1083p. | ||
| 250 | |b 12th ed |c Raymond Chang, Kenneth A. Goldsby | ||
| 260 | |b McGraw-Hill Education |c 2016. |h New York |i 691170 |l QD31.3 .C36 |m Chemistry - Textbooks |m Goldsby, Kenneth A. |m Title. | ||
| 500 | |a “Includes index”. | ||
| 942 | |a lcc |c BK |e j.o ifatola |f 26/ 10/ 2021 | ||
| 952 | |0 0 |1 0 |2 lcc |4 0 |6 QD00313 C36 |7 0 |9 3672 |a HOL |b HOL |c QZ |d 2021-10-26 |l 0 |o QD31.3 .C36 |p 2021-67408 |r 2021-10-26 00:00:00 |w 2021-10-26 |y BK | ||
| 999 | |c 1825 |d 1825 | ||